| 000 | 00910cad a22002055a 4500 | ||
|---|---|---|---|
| 001 | E150647 | ||
| 008 | 100806s2009 xxk f 000 0 eng d | ||
| 035 | _a(Sirsi) u150647 | ||
| 041 | 0 | _aeng | |
| 110 | 2 |
_aScottish Environment Protection Agency _93523 |
|
| 245 | 0 | 0 |
_aTemporary construction methods _h[electronic resource] |
| 260 |
_a[S.l.] _bSEPA _c2009 |
||
| 490 | 0 | _aEngineering in the Water Environment Good Practice Guide | |
| 520 | _aSets out guidance on good practice for those undertaking temporary construction works in rivers or lochs. Does not cover pollution prevention measures for the wider construction site. | ||
| 590 | _aKA | ||
| 651 | 4 |
_aScotland _y1999- |
|
| 690 | _aENVIRONMENTAL AND LAND CONSULTANCY-WATER RESOURCE MANAGEMENT | ||
| 856 | 4 | 0 |
_uhttps://www.sepa.org.uk/water/water_regulation/guidance/engineering.aspx _zView the guidance free of charge at www.sepa.org.uk |
| 942 | _n0 | ||
| 999 |
_c110936 _d110936 |
||